000 00960nam a2200217 4500
001 113611
003 DR-UNIBE
005 20250512154200.0
008 250512b1996 cu ||||| |||| 00| 0 spa d
040 _aBIBLIOTECA UNIBE
_bspa
_cBIBLIOTECA UNIBE
041 _aspa
100 1 0 _aBodes Torres, Jorge
_9195275
_eautor
245 1 0 _aCuba, judicatura y procedimiento penal /
_cJorge Bodes Torres
260 _aLa Habana :
_b[Editor no identificado],
_c1966
300 _a55 páginas :
_c26 x 21 cm
505 _aCaracterísticas y evolución del procedimiento penal en la República de Cuba | El sistema judicial cubano | Principios del procedimiento penal cubano en la fase judicial | La función judicial. Su independencia | El juez, la norma y el debido proceso
650 7 _2lemb
_aJusticia penal
_zCuba
_9195279
650 7 _2lemb
_aProcedimiento penal
_zCuba
_9195280
700 1 0 _aCruz Ochoa, Ramón de la
_9195276
_eprologuista
942 _2ddc
_cMX
999 _c113611
_d113611